| 000 | 00919nam a2200205Ia 4500 | ||
|---|---|---|---|
| 999 |
_c46519 _d46519 |
||
| 001 | 13358 | ||
| 003 | GE_BSU | ||
| 005 | 20240906131116.0 | ||
| 008 | 181216s2014||||ru |||||||||||||| ||rus|| | ||
| 020 | _a9785906016157 | ||
| 040 | _cGE_BSU | ||
| 080 | _a28+141 Н-31 | ||
| 100 |
_aНаср, Сеййид Хусейн _923166 |
||
| 245 |
_aСадр ад-дин ширази и его транцендентальная теософия : _bИнтелектуальная среда,жизнь и труды / _cСеййид Хусейн Наср ; Пер. с англ. Р. Псху. |
||
| 264 |
_aМосква : _bЯзыки славянской культуры, _c2014. |
||
| 300 |
_a127 см. ; _c21 см. |
||
| 653 | _aИнтелектуальная среда, жизнь и труды | ||
| 653 | _aСадр ад-дин ширази и его транцендентальная теософия | ||
| 942 |
_cBK _2udc |
||